000 00594nam a2200157Ia 4500
008 100122s9999 xx 000 0 und d
082 _b43842
_aBM823.08
100 _aदेशपांडे-दातार सुनंदा
245 _aमुलांसाठी छान छान गोष्टी
250 _a0
260 _bमनोविकास प्रकाशन
_c1987
300 _a94
630 _aमुलांसाठी छान छान गोष्टी
730 _aमुलांसाठी छान छान गोष्टी
942 _cBOOK
999 _c423780
_d423777